<?xml version="1.0" encoding="UTF-8"?>
<record
    xmlns:xsi="http://www.w3.org/2001/XMLSchema-instance"
    xsi:schemaLocation="http://www.loc.gov/MARC21/slim http://www.loc.gov/standards/marcxml/schema/MARC21slim.xsd"
    xmlns="http://www.loc.gov/MARC21/slim">

  <leader>00746nam a22002055i 4500</leader>
  <controlfield tag="001">165901</controlfield>
  <controlfield tag="003">ES-MaACL</controlfield>
  <controlfield tag="005">20251005063131.0</controlfield>
  <controlfield tag="008">990415s1900    sw           |||| | fre d</controlfield>
  <datafield tag="040" ind1=" " ind2=" ">
    <subfield code="a">CCPB | B </subfield>
    <subfield code="b">spa </subfield>
    <subfield code="c">CCPB | B</subfield>
  </datafield>
  <datafield tag="100" ind1="1" ind2=" ">
    <subfield code="a">Sundb&#xE4;rg, Gustav, </subfield>
    <subfield code="d">1857-1914</subfield>
    <subfield code="9">132953</subfield>
  </datafield>
  <datafield tag="245" ind1="1" ind2="3">
    <subfield code="a">La Su&#xE8;de son peuple et son industrie </subfield>
    <subfield code="b">: expos&#xE9; historique et statistique / </subfield>
    <subfield code="c">r&#xE9;dig&#xE9; par Gustav Sunddb&#xE4;rg.</subfield>
  </datafield>
  <datafield tag="260" ind1=" " ind2=" ">
    <subfield code="a">Stockholm : </subfield>
    <subfield code="b">[s.n.], </subfield>
    <subfield code="c">1900 (</subfield>
    <subfield code="f">L'Imprimerie Royale)</subfield>
  </datafield>
  <datafield tag="300" ind1=" " ind2=" ">
    <subfield code="a">IX, 528, XX p. ; </subfield>
    <subfield code="c">25 cm.</subfield>
  </datafield>
  <datafield tag="597" ind1=" " ind2="1">
    <subfield code="a">Antep.</subfield>
  </datafield>
  <datafield tag="651" ind1=" " ind2="4">
    <subfield code="a">Suecia-</subfield>
    <subfield code="x">Historia.</subfield>
    <subfield code="9">137371</subfield>
  </datafield>
  <datafield tag="752" ind1=" " ind2=" ">
    <subfield code="a">Suecia - </subfield>
    <subfield code="d">Estocolmo</subfield>
  </datafield>
  <datafield tag="852" ind1=" " ind2=" ">
    <subfield code="a">ES-MaACL</subfield>
    <subfield code="j">G-8867 </subfield>
    <subfield code="z">-- Enc. pasta espa&#xF1;ola, conservando la enc. original</subfield>
  </datafield>
  <datafield tag="999" ind1=" " ind2=" ">
    <subfield code="c">165901</subfield>
    <subfield code="d">165901</subfield>
  </datafield>
  <datafield tag="952" ind1=" " ind2=" ">
    <subfield code="0">0</subfield>
    <subfield code="1">0</subfield>
    <subfield code="4">0</subfield>
    <subfield code="7">0</subfield>
    <subfield code="8">LIBXIX</subfield>
    <subfield code="a">ATENEOM</subfield>
    <subfield code="b">ATENEOM</subfield>
    <subfield code="c">SPP3</subfield>
    <subfield code="d">2008-01-17</subfield>
    <subfield code="e">SSC</subfield>
    <subfield code="l">0</subfield>
    <subfield code="o">G-8867</subfield>
    <subfield code="p">1173985</subfield>
    <subfield code="r">2023-02-23 00:00:00</subfield>
    <subfield code="w">2023-02-23</subfield>
    <subfield code="y">MONANT</subfield>
  </datafield>
</record>
